Libertad y autoridad en el Derecho Administrativo: derecho subjetivo e interés legítimo. Una revisión.
Bewaard in:
| Hoofdauteur: | |
|---|---|
| Formaat: | Onbekend |
| Taal: | Engels Spaans |
| Gepubliceerd in: |
Madrid
Marcial Pons Ediciones Jurídicas y Sociales S.A
2016
|
| Editie: | Primera edición |
| Reeks: | Colección Administración Pública y Derecho
|
| Onderwerpen: | |
| Tags: |
Voeg label toe
Geen labels, Wees de eerste die dit record labelt!
|
MARC
| LEADER | 00000 a2200000 4500 | ||
|---|---|---|---|
| 003 | CL-VaPUC | ||
| 005 | 20210312001429.0 | ||
| 008 | 191230b ||||| |||| 00| 0 eng d | ||
| 999 | |c 375995 |d 375993 | ||
| 020 | |a 9788491230618 | ||
| 040 | |c Pontificia Universidad Católica de Valparaíso | ||
| 041 | 0 | |a spa | |
| 082 | |a 342 MED 2016 | ||
| 100 | 1 | |a Medina Alcoz, Luis |9 604935 | |
| 245 | 1 | 0 | |a Libertad y autoridad en el Derecho Administrativo: |b derecho subjetivo e interés legítimo. Una revisión. |
| 250 | |a Primera edición | ||
| 260 | |b Marcial Pons Ediciones Jurídicas y Sociales S.A |c 2016 |a Madrid | ||
| 300 | |a 302 p | ||
| 490 | 0 | |a Colección Administración Pública y Derecho | |
| 505 | 0 | |a Capítulo I. Planteamiento del estudio. Capítulo II. Individuo y libertad: el concepto de derecho subjetivo. Capítulo III. Sociedad y autoridad: el concepto de interés legítimo. Capítulo IV. Francia. Capítulo V. Italia. Capítulo VI. Alemania. Capítulo VII. España. Capítulo VIII. Subjetivación y objetivación del Derecho Administrativo. Capítulo IX. El derecho subjetivo como problema real y el interés legítimo como problema verbal. | |
| 583 | |k Hugo Gaete |c 20191230 | ||
| 650 | 0 | 0 | |a Derecho administrativo |9 254851 |
| 650 | 0 | 0 | |a DERECHO ADMINISTRATIVO INTERNACIONAL |9 605014 |
| 942 | |2 ddc |c BK | ||
| 952 | |0 0 |1 0 |2 ddc |4 0 |6 342_000000000000000_MED_2016 |7 0 |9 495191 |a BIBDER |b BIBDER |d 2019-12-26 |e 36 |g 26773.00 |i 5570913 |l 6 |o 342 MED 2016 |p 5570913 |r 2023-01-25 |s 2022-11-23 |t 1 |v 26773.00 |w 2019-12-26 |y BK |k DER | ||